[Event "Titled Tue 27th May Early"]
[Site "chess.com INT"]
[Date "2025.05.27"]
[Round "8"]
[White "Tursunalieva, Nurelina"]
[Black "Logachiov, Aleksandr"]
[Result "0-1"]
[WhiteTitle "WCM"]
[BlackTitle "CM"]
[WhiteElo "1810"]
[BlackElo "2129"]
[WhiteFideId "13817329"]
[BlackFideId "24123706"]
[EventDate "2025.05.27"]

1. e4 c5 2. d4 cxd4 3. c3 g6 4. cxd4 d5 5. e5 Nc6 6. Nc3 Bg7 7. Nf3 Bf5 8. Bd3
Bg4 9. Be2 Nh6 10. h3 Bxf3 11. Bxf3 e6 12. g4 Qb6 13. Ne2 O-O 14. O-O f6 15.
exf6 Rxf6 16. Bg2 Rff8 17. a3 Nf7 18. Be3 Nd6 19. b4 a5 20. bxa5 Rxa5 21. Nf4
Re8 22. Qd3 Nc4 23. Rfb1 Qa7 24. h4 Nxd4 25. Bxd4 Bxd4 26. Ra2 Ne5 27. Qd1 Nc6
28. Re2 Be5 29. Nd3 Bd6 30. Qe1 Nd4 31. Reb2 b5 32. Ne5 Bxa3 33. Nc6 Qb6 34.
Bxd5 Bxb2 35. Rxb2 Nxc6 36. Bxe6+ Kg7 37. Qc3+ Nd4 38. Rd2 Ra1+ 39. Kg2 Qxe6 40.
Qxd4+ Qe5 41. Qd7+ Re7 42. Qd3 Ra4 43. Re2 Qxe2 44. Qc3+ Qe5 45. Qb3 Qe4+ 46.
Kh2 Qf4+ 47. Kg2 Qxg4+ 48. Kh2 Qxh4+ 49. Kg2 Rg4+ 50. Kf1 Qh1# 0-1

[Event "Titled Tue 27th May Early"]
[Site "chess.com INT"]
[Date "2025.05.27"]
[Round "8"]
[White "Asish Panda"]
[Black "Pakleza, Zbigniew"]
[Result "0-1"]
[BlackTitle "GM"]
[WhiteElo "1911"]
[BlackElo "2484"]
[WhiteFideId "45012458"]
[BlackFideId "1119290"]
[EventDate "2025.05.27"]

1. e4 d5 2. exd5 Nf6 3. Nc3 Nxd5 4. Nf3 Bf5 5. Bc4 e6 6. O-O Be7 7. d4 O-O 8.
Nxd5 exd5 9. Bd3 Bxd3 10. Qxd3 c6 11. Bf4 Nd7 12. c3 Re8 13. Rfe1 Qb6 14. Re2
Bf6 15. Rae1 Rxe2 16. Rxe2 Nf8 17. Be5 Qd8 18. g3 Be7 19. Bf4 Ne6 20. Bd2 Bd6
21. Ne5 Qc7 22. Qf5 Re8 23. f4 Nf8 24. Kf1 Re6 25. Nf3 g6 26. Qd3 Qe7 27. Ng5
Rxe2 28. Qxe2 Qxe2+ 29. Kxe2 f5 30. Kd3 Nd7 31. b3 Nf6 32. Be3 h6 33. Ne6 Be7
34. c4 Kf7 35. Nc5 dxc4+ 36. Kxc4 b6 37. Nd3 b5+ 38. Kc3 Nd5+ 39. Kd2 Bd6 40.
Bf2 Ke6 41. Kc2 a5 42. a4 Nb6 43. axb5 cxb5 44. Be1 a4 45. Ba5 Nd5 46. bxa4 bxa4
47. Nc5+ Bxc5 48. dxc5 Ne3+ 49. Kb2 Kd5 50. Bb6 Nf1 51. Ka3 Nxh2 52. Kxa4 Kc6
53. Bd8 Kxc5 54. Ka5 Kd5 55. Kb5 Nf1 56. Bh4 Ke4 57. Kc6 Kf3 58. Kd6 Nxg3 59.
Ke6 Kxf4 60. Kf6 g5 0-1

[Event "Titled Tue 27th May Early"]
[Site "chess.com INT"]
[Date "2025.05.27"]
[Round "8"]
[White "Svane, Rasmus"]
[Black "Martinez Alcantara, Jose Eduardo"]
[Result "1/2-1/2"]
[WhiteTitle "GM"]
[BlackTitle "GM"]
[WhiteElo "2629"]
[BlackElo "2611"]
[WhiteFideId "4657101"]
[BlackFideId "3805662"]
[EventDate "2025.05.27"]

1. Nf3 d6 2. d4 Nd7 3. e4 e5 4. Nc3 Ngf6 5. Bc4 Be7 6. a4 O-O 7. O-O c6 8. Re1
h6 9. h3 Re8 10. a5 a6 11. Be3 exd4 12. Bxd4 Bf8 13. Bb3 Qc7 14. Qd2 Rb8 15. Ba7
Ra8 16. Bd4 Rb8 17. Re3 Ra8 18. Qd3 Nh5 19. Qd2 Nhf6 20. Re2 Rb8 21. Ba7 Ra8 22.
Bd4 Rb8 23. Bc4 Ra8 24. b4 b5 25. axb6 Nxb6 26. Bb3 Nbd7 27. Rae1 Ne5 28. Nxe5
dxe5 29. Bc5 a5 30. Bxf8 Rxf8 31. bxa5 Qxa5 32. Nb1 Qc5 33. Qe3 Qe7 34. Nd2 Be6
35. Nc4 Bxc4 36. Bxc4 Qb4 37. Qb3 Qxb3 38. cxb3 Rfd8 39. g3 Rd6 40. Kg2 Kf8 41.
Rc1 h5 42. h4 Rd4 43. f3 g6 44. Kf2 Nd7 45. Ke3 Nb6 46. Bd3 Rad8 47. Rd2 R8d6
48. Rcc2 Nd7 49. Bc4 Rxd2 50. Rxd2 Rxd2 51. Kxd2 Ke7 52. b4 Nb6 53. Bb3 Nd7 54.
Kd3 f6 55. Bg8 Nb6 56. Bb3 Nd7 57. Bg8 Nb6 58. Kc3 Nd7 59. Kc4 Kd6 60. Bf7 Nf8
61. Kc3 Kc7 62. Kc4 Kd6 63. Kc3 Kc7 64. Kc4 Kd6 1/2-1/2

[Event "Titled Tue 27th May Early"]
[Site "chess.com INT"]
[Date "2025.05.27"]
[Round "8"]
[White "Xiong, Jeffery"]
[Black "Mikhailovsky, Vladimir"]
[Result "1-0"]
[WhiteTitle "GM"]
[BlackTitle "CM"]
[WhiteElo "2636"]
[BlackElo "2215"]
[WhiteFideId "2047640"]
[BlackFideId "34105414"]
[EventDate "2025.05.27"]

1. e4 c6 2. Nf3 d5 3. d3 Qc7 4. Nc3 dxe4 5. dxe4 e5 6. a4 Nf6 7. Bc4 Bb4 8. O-O
O-O 9. Qe2 a5 10. Nb1 h6 11. Nbd2 Re8 12. Nb3 Be6 13. Bxe6 Rxe6 14. Nh4 Nbd7 15.
Nf5 Bf8 16. Bd2 Kh7 17. Rfd1 Nc5 18. Nxc5 Bxc5 19. Be3 Bf8 20. f3 g6 21. Ng3 Rd8
22. Rxd8 Qxd8 23. Rd1 Rd6 24. Rxd6 Qxd6 25. Qd2 Qxd2 26. Bxd2 Bc5+ 27. Kf1 b6
28. Nh1 Nd7 29. Nf2 Kg7 30. Nd3 Bd6 31. Be3 Kf6 32. Bxh6 g5 33. h4 gxh4 34. Be3
Ke6 35. Bg5 Be7 36. Bxe7 Kxe7 37. Kg1 Kd6 38. b3 Nc5 39. Nb2 b5 40. Kf2 Ne6 41.
Ke3 Kc5 42. Nd3+ Kd6 43. c3 bxa4 44. bxa4 Nc5 45. Nb2 Ne6 46. Nc4+ Kc7 47. Nxe5
Nc5 48. Nxf7 Nxa4 49. Kd3 Nb2+ 50. Kc2 Nc4 51. Kb3 Ne3 52. Ng5 Nxg2 53. Nh3 Kd6
54. f4 Kc5 55. Ka4 Kc4 56. f5 Kc5 57. e5 Ne3 58. f6 Nc4 59. f7 Nb6+ 60. Kxa5 Nd7
61. e6 Nf8 62. e7 1-0

[Event "Titled Tue 27th May Early"]
[Site "chess.com INT"]
[Date "2025.05.27"]
[Round "8"]
[White "Lyutsinger, Iren"]
[Black "Galchenko, Matvey"]
[Result "0-1"]
[WhiteTitle "FM"]
[BlackTitle "IM"]
[WhiteElo "2266"]
[BlackElo "2442"]
[WhiteFideId "34425969"]
[BlackFideId "24175480"]
[EventDate "2025.05.27"]

1. e4 e6 2. d4 d5 3. Nc3 Bb4 4. e5 Ne7 5. a3 Bxc3+ 6. bxc3 c5 7. Qg4 cxd4 8. Bd3
Qa5 9. Rb1 Qxc3+ 10. Bd2 Qc7 11. Nf3 Nbc6 12. Qxg7 Rg8 13. Qxh7 Nxe5 14. Nxe5
Qxe5+ 15. Kf1 b6 16. h4 Bd7 17. Re1 Qh8 18. Qxh8 Rxh8 19. c3 f6 20. cxd4 Kf7 21.
g4 Rag8 22. f3 Nc6 23. Bc3 Rc8 24. Bb2 Na5 25. h5 Nc4 26. Bg6+ Ke7 27. Bc1 Nd6
28. Kf2 Be8 29. Bxe8 Nxe8 30. Re2 Kf7 31. Rhe1 Rc6 32. Kg3 Nc7 33. Bf4 Nb5 34.
Be3 a5 35. Kh4 Nxa3 36. f4 Nc2 37. Rc1 Nxd4 38. Rxc6 Nxc6 39. g5 Ne7 40. Bxb6
Nf5+ 41. Kg4 a4 42. Ra2 Rb8 43. Bf2 Rb4 44. Rc2 Rc4 45. Rb2 Nd6 46. g6+ Kg7 47.
Rb8 e5 48. Rd8 Rxf4+ 49. Kg3 Nf5+ 50. Kh3 Rxf2 51. Rd7+ Kh6 52. Rg7 Kg5 53. Rh7
Rf4 54. h6 Rh4+ 55. Kg2 Rxh6 56. g7 Rg6 0-1

[Event "Titled Tue 27th May Early"]
[Site "chess.com INT"]
[Date "2025.05.27"]
[Round "8"]
[White "Mateus, Martha"]
[Black "Vedant Rupeshbhai Varasada"]
[Result "0-1"]
[WhiteTitle "WIM"]
[BlackTitle "CM"]
[WhiteElo "1963"]
[BlackElo "1971"]
[WhiteFideId "4401549"]
[BlackFideId "25156527"]
[EventDate "2025.05.27"]

1. d4 Nf6 2. c4 g6 3. Nc3 Bg7 4. e4 d6 5. Nf3 O-O 6. Be2 e5 7. Be3 Nc6 8. d5 Ne7
9. Nd2 Nd7 10. g4 f5 11. gxf5 gxf5 12. f3 f4 13. Bf2 a5 14. a3 Nf6 15. b4 Bh3
16. Rg1 Ng6 17. c5 Rf7 18. Nc4 Bf8 19. cxd6 axb4 20. axb4 Rxa1 21. Qxa1 cxd6 22.
Nb6 Nh5 23. Nb5 Rg7 24. Qc3 Be7 25. Kd2 Bh4 26. Bxh4 Qxh4 27. Nxd6 Qf2 28. Qc5
Qxh2 29. Nf5 Bxf5 30. exf5 Ng3 31. Qc8+ Nf8 32. Re1 e4 33. f6 Rf7 34. Qg4+ Ng6
35. fxe4 Nxe4+ 36. Kc1 Nxf6 37. Qe6 Nf8 38. Qe5 N6d7 39. Qg5+ Ng6 40. Bd3 Nf8
41. Nc4 f3 42. Ne5 f2 43. Rf1 Qxe5 44. Qd2 Rc7+ 45. Kd1 Rf7 46. Bc4 Qa1+ 47. Ke2
Nf4+ 48. Kf3 Nxd5+ 49. Kg2 Qg7+ 50. Kh2 Qe5+ 51. Kg2 Ne3+ 52. Kh3 Qf5+ 0-1

[Event "Titled Tue 27th May Early"]
[Site "chess.com INT"]
[Date "2025.05.27"]
[Round "8"]
[White "Zhauynbay, Alimzhan"]
[Black "Skliarov, Viktor"]
[Result "0-1"]
[WhiteTitle "CM"]
[BlackTitle "IM"]
[WhiteElo "2077"]
[BlackElo "2334"]
[WhiteFideId "13782657"]
[BlackFideId "14106736"]
[EventDate "2025.05.27"]

1. e4 c5 2. c3 d6 3. d4 Nf6 4. dxc5 Nc6 5. cxd6 Nxe4 6. Nf3 Nxd6 7. Be2 g6 8.
O-O Bg7 9. Bf4 e5 10. Bg5 Qc7 11. Re1 O-O 12. Nbd2 Be6 13. Be3 h6 14. h3 Nf5 15.
Bc5 Rfd8 16. Qc2 b6 17. Ba3 Ncd4 18. Qd1 Nxe2+ 19. Qxe2 Ne7 20. Rad1 Nc6 21. Nc4
Nd4 22. cxd4 Bxc4 23. Qc2 e4 24. Nd2 Rac8 25. Rc1 Qd7 26. Nxc4 b5 27. Qxe4 bxc4
28. Bc5 Qb5 29. Re2 Re8 30. Qc2 Rxe2 31. Qxe2 Rb8 32. Rxc4 Qxb2 33. Qxb2 Rxb2
34. a4 a6 35. a5 Ra2 36. Bb6 Bf6 37. Kh2 Rxf2 38. Rc8+ Kg7 39. Ra8 Rd2 40. Rxa6
Bxd4 41. Bxd4+ Rxd4 42. Ra8 Ra4 43. a6 Ra3 44. Kg1 Ra2 45. g4 h5 46. g5 h4 47.
Kf1 Kh7 48. Rf8 Kg7 49. Ra8 Ra5 50. Ke2 Rxg5 51. Kd3 Rg3+ 52. Kc4 Rxh3 53. a7
Ra3 54. Kb4 Ra1 55. Kb3 h3 56. Kb2 Ra6 0-1

[Event "Titled Tue 27th May Early"]
[Site "chess.com INT"]
[Date "2025.05.27"]
[Round "8"]
[White "Bold, Andre"]
[Black "Jaskolka, Tomasz"]
[Result "1-0"]
[WhiteTitle "CM"]
[BlackTitle "CM"]
[WhiteElo "2235"]
[BlackElo "2200"]
[WhiteFideId "16208471"]
[BlackFideId "1170791"]
[EventDate "2025.05.27"]

1. d4 g6 2. e4 Bg7 3. Nc3 c6 4. Nf3 d5 5. e5 Bg4 6. Bd3 f6 7. exf6 Nxf6 8. h3
Bxf3 9. Qxf3 O-O 10. Qe2 Ne4 11. Nxe4 dxe4 12. Bc4+ Kh8 13. c3 e5 14. dxe5 Bxe5
15. O-O Qh4 16. Qg4 Qxg4 17. hxg4 Nd7 18. Bh6 Bg7 19. Be3 Ne5 20. Be2 b6 21.
Rfd1 Rad8 22. a4 Nd3 23. Bxd3 exd3 24. a5 c5 25. axb6 axb6 26. c4 Bxb2 27. Rab1
Bd4 28. Rxd3 Bxe3 29. Rxe3 Rd2 30. Rf3 Rxf3 31. gxf3 Rd6 32. Kg2 Kg7 33. Kg3 Kf6
34. f4 Re6 35. f3 Rd6 36. Rh1 Rd7 37. Re1 Rb7 38. Rd1 b5 39. cxb5 Rxb5 40. Rd6+
Ke7 41. Ra6 c4 42. Ra7+ Kd6 43. Rxh7 c3 44. Rh1 Kd5 45. Rc1 Kc4 46. f5 gxf5 47.
g5 Kd3 48. Kf4 Kd2 49. Rg1 c2 50. g6 Kd3 51. g7 Rb8 52. Kxf5 Ke3 53. f4 Rb5+ 54.
Ke6 Rb6+ 55. Kd5 Rb8 56. f5 Rd8+ 57. Ke6 Re8+ 58. Kf7 Rd8 59. f6 Rd1 60. g8=Q
c1=Q 61. Qg5+ Kf2 62. Qxc1 Rxg1 63. Qxg1+ Kxg1 64. Ke7 Kf2 65. f7 Ke3 66. f8=Q
Kd4 67. Qf6+ Kd5 68. Qe6+ 1-0

[Event "Titled Tue 27th May Early"]
[Site "chess.com INT"]
[Date "2025.05.27"]
[Round "8"]
[White "Leschinsky, Gary"]
[Black "Otdelnov, Kirill"]
[Result "1/2-1/2"]
[BlackTitle "FM"]
[WhiteElo "1992"]
[BlackElo "2273"]
[WhiteFideId "30951321"]
[BlackFideId "24280216"]
[EventDate "2025.05.27"]

1. Nf3 Nf6 2. c4 g6 3. Nc3 Bg7 4. d4 O-O 5. Bg5 c5 6. d5 d6 7. e3 e6 8. Be2 exd5
9. cxd5 Re8 10. O-O Nbd7 11. Bf4 Bf8 12. h3 a6 13. a4 Qc7 14. Rc1 Rb8 15. Bh2
Qb6 16. Nd2 Ne5 17. Bxe5 dxe5 18. Nc4 Qd8 19. a5 Bd7 20. Nb6 Bd6 21. Nca4 Bxa4
22. Qxa4 Bc7 23. Rxc5 Bxb6 24. axb6 Nd7 25. b4 Nxc5 26. bxc5 Qxd5 27. Rc1 Rbc8
28. Bxa6 Ra8 29. Qc4 Qxc4 30. Bxc4 Red8 31. e4 Rac8 32. Bd5 Rd7 33. f3 Kf8 34.
Kf2 Ke7 35. Ke3 f5 36. g4 f4+ 37. Ke2 Ra8 38. Rb1 Rc8 39. Rb5 h5 40. gxh5 gxh5
41. Kd3 h4 42. Kc4 Ra8 43. Bxb7 Rxb7 44. c6 Rxb6 45. Rxb6 Kd6 46. c7+ Kxc7 47.
Rh6 Ra3 48. Kd5 Rxf3 49. Rxh4 Rf1 50. Kxe5 f3 51. Rf4 Kd7 52. Rf7+ Ke8 53. Ke6
Re1 54. Rxf3 Rxe4+ 55. Kf5 Rh4 56. Kg5 Ra4 57. h4 Ra5+ 58. Kg6 Ra6+ 59. Rf6
Rxf6+ 60. Kxf6 Kf8 61. h5 Kg8 62. h6 Kh8 63. Kg6 Kg8 1/2-1/2

[Event "Titled Tue 27th May Early"]
[Site "chess.com INT"]
[Date "2025.05.27"]
[Round "8"]
[White "Dishman, Stephen"]
[Black "Gunawardhana, Devindya Oshini"]
[Result "1-0"]
[WhiteTitle "FM"]
[BlackTitle "WIM"]
[WhiteElo "2284"]
[BlackElo "2068"]
[WhiteFideId "403024"]
[BlackFideId "29941482"]
[EventDate "2025.05.27"]

1. d4 d5 2. Nf3 Nf6 3. c3 e6 4. Bf4 Bd6 5. e3 O-O 6. Nbd2 c5 7. Ne5 Qc7 8. Bd3
Nc6 9. Ndf3 b6 10. h4 Bb7 11. h5 Ne4 12. h6 g6 13. O-O f6 14. Nxc6 Bxf4 15. exf4
Bxc6 16. g3 Rad8 17. Re1 Rfe8 18. Nd2 cxd4 19. cxd4 Nxd2 20. Qxd2 Qf7 21. Re2
Qf8 22. Rae1 Bd7 23. f5 exf5 24. Qf4 Qf7 25. Qc7 Be6 26. Qc6 Bd7 27. Qc7 Be6 28.
Qc6 Bd7 29. Rxe8+ Rxe8 30. Rxe8+ Bxe8 31. Qa8 Kf8 32. Bb5 Qe6 33. Bxe8 Qxe8 34.
Qxa7 Qe1+ 35. Kg2 Qe4+ 36. Kh2 Qxd4 37. Qg7+ Ke8 38. Qg8+ Kd7 39. Qxh7+ Kc6 40.
Kg1 Qd1+ 41. Kg2 Qg4 42. Qg7 Qe4+ 43. Kg1 Qb1+ 44. Kg2 Qe4+ 45. Kg1 Qb1+ 46. Kh2
Qxb2 47. Kg2 Qe5 48. h7 Qe4+ 49. Kg1 Qe1+ 50. Kg2 Qe4+ 51. Kh2 Qd4 52. Kg1 Qa1+
53. Kg2 Qe5 54. h8=Q Qe4+ 55. Kg1 Qe1+ 56. Kg2 Qe4+ 57. Kh2 Qf3 58. Qxf6+ Kb5
59. Qd4 Ka6 60. Qa8+ Kb5 61. Qaa4# 1-0

[Event "Titled Tue 27th May Early"]
[Site "chess.com INT"]
[Date "2025.05.27"]
[Round "8"]
[White "Al Busaidi, Hamood"]
[Black "Baladjaev, Gara"]
[Result "0-1"]
[WhiteTitle "CM"]
[BlackTitle "FM"]
[WhiteElo "2027"]
[BlackElo "2404"]
[WhiteFideId "22006230"]
[BlackFideId "13401785"]
[EventDate "2025.05.27"]

1. Nf3 Nf6 2. d4 g6 3. e3 Bg7 4. Be2 O-O 5. O-O b6 6. b3 Bb7 7. Bb2 d6 8. Nbd2
Nbd7 9. c4 Ne4 10. Nxe4 Bxe4 11. Bd3 Bxd3 12. Qxd3 e5 13. e4 exd4 14. Bxd4 Ne5
15. Bxe5 dxe5 16. Rad1 Qxd3 17. Rxd3 Rad8 18. Rfd1 Rxd3 19. Rxd3 Rc8 20. Rd7 Kf8
21. Ng5 h6 22. Nf3 Ke8 23. Rd5 c6 24. Rd2 Ke7 25. Kf1 h5 26. Ke2 Bh6 27. Rd3 Ke6
28. h3 f5 29. Nd2 Bxd2 30. Kxd2 fxe4 31. Rg3 Kf5 32. h4 Rd8+ 33. Ke2 Rd4 34.
Rg5+ Kf6 35. Ke3 Rd3+ 36. Ke2 a5 37. g4 hxg4 38. Rxg4 Rc3 39. Kd2 Rf3 40. Ke2
Rf4 41. Rg3 Rxh4 42. Ke3 Rf4 43. Rh3 Rf3+ 44. Rxf3+ exf3 45. Kxf3 Kf5 46. Ke3 e4
47. a3 g5 48. b4 axb4 49. a4 c5 50. a5 bxa5 51. f3 exf3 52. Kxf3 b3 53. Ke2 b2
54. Kd3 b1=Q+ 55. Kc3 Ke4 56. Kd2 Qb2+ 57. Ke1 Ke3 58. Kd1 Qd2# 0-1

[Event "Titled Tue 27th May Early"]
[Site "chess.com INT"]
[Date "2025.05.27"]
[Round "8"]
[White "Sheremetev, Vladislav"]
[Black "Fernandez, Michael"]
[Result "0-1"]
[WhiteTitle "CM"]
[BlackTitle "FM"]
[WhiteElo "2160"]
[BlackElo "2226"]
[WhiteFideId "54188300"]
[BlackFideId "5803560"]
[EventDate "2025.05.27"]

1. e4 c5 2. Nf3 d6 3. d4 cxd4 4. Nxd4 Nf6 5. Nc3 g6 6. Be3 a6 7. f3 b5 8. Qd2
Bb7 9. a3 Nbd7 10. Be2 Rc8 11. O-O-O h5 12. h4 Bg7 13. Kb1 Qc7 14. Nb3 Ne5 15.
Bd4 O-O 16. Nc1 Nc4 17. Bxc4 Qxc4 18. Nb3 b4 19. axb4 Qxb4 20. Nd5 Nxd5 21. Bxg7
Qxd2 22. Rxd2 Kxg7 23. exd5 Rc7 24. Rhd1 Bc8 25. Nd4 Bd7 26. Re1 Kf6 27. Rde2
Bb5 28. Rd2 Rc5 29. Nb3 Rc4 30. Nd4 Rfc8 31. Re3 Be8 32. b3 R4c7 33. c4 a5 34.
Kb2 a4 35. Nb5 Rb7 36. Na3 Rcb8 37. Rdd3 axb3 38. Rxb3 e5 39. dxe6 fxe6 40. Rxb7
Rxb7+ 41. Kc3 Ba4 42. Nc2 Bxc2 43. Kxc2 d5 44. cxd5 exd5 45. Ra3 Rb6 46. Ra2 Ke5
47. Kd2 Kd4 48. Ra4+ Kc5 49. Ra5+ Kc4 50. Ra4+ Rb4 51. Ra8 Rb2+ 52. Ke3 d4+ 53.
Kf4 Rxg2 54. Rc8+ Kd3 55. Rd8 Kc3 56. Ke4 Re2+ 57. Kf4 d3 58. Rd6 Rg2 59. Rc6+
Kd2 60. Rd6 Ke2 61. Re6+ Kd1 62. Rd6 d2 63. Ke3 Ke1 0-1

[Event "Titled Tue 27th May Early"]
[Site "chess.com INT"]
[Date "2025.05.27"]
[Round "8"]
[White "Dambaev, Dashi"]
[Black "Zhakshylykov, Erzhan"]
[Result "0-1"]
[WhiteTitle "CM"]
[BlackTitle "IM"]
[WhiteElo "2211"]
[BlackElo "2362"]
[WhiteFideId "55628494"]
[BlackFideId "13804111"]
[EventDate "2025.05.27"]

1. e4 c5 2. Nf3 d6 3. Bb5+ Nc6 4. O-O Bd7 5. Re1 Nf6 6. h3 e6 7. c3 a6 8. Bf1
Rc8 9. d4 cxd4 10. cxd4 d5 11. e5 Ne4 12. Nbd2 Nxd2 13. Bxd2 Qb6 14. Bc3 Bb4 15.
Qd2 Be7 16. Bd3 h6 17. Rac1 g5 18. a3 Rg8 19. Qe2 g4 20. hxg4 Rxg4 21. Qe3 Bf8
22. Be2 Ne7 23. Qd2 Rc6 24. Rcd1 Nf5 25. Nh2 Rg8 26. Ng4 Be7 27. Qf4 h5 28. Nf6+
Bxf6 29. exf6 h4 30. Bf3 Kd8 31. Qd2 Kc8 32. Ba5 Qb3 33. Kh2 Kb8 34. Rc1 Rgc8
35. Rxc6 Rxc6 36. Bc3 Ka7 37. Qf4 Rxc3 38. bxc3 Qxc3 39. Rc1 Qxd4 40. Qc7 Bb5
41. Re1 Qxf2 42. Rg1 Qg3+ 43. Qxg3 hxg3+ 44. Kh1 Bc6 45. Re1 Kb6 46. Kg1 Kc5 47.
Rb1 Kd6 48. Rb6 e5 49. Bh5 Ke6 50. Kf1 Kxf6 51. Ke2 Nd4+ 52. Kd2 Ke6 53. Bg4+
Kd6 0-1

[Event "Titled Tue 27th May Early"]
[Site "chess.com INT"]
[Date "2025.05.27"]
[Round "8"]
[White "Shevkunov, Vladyslav"]
[Black "Cernov, Henrik"]
[Result "0-1"]
[BlackTitle "FM"]
[WhiteElo "2073"]
[BlackElo "2325"]
[WhiteFideId "30953448"]
[BlackFideId "16258312"]
[EventDate "2025.05.27"]

1. e4 c5 2. Nf3 e6 3. c3 d5 4. exd5 Qxd5 5. d4 cxd4 6. Qxd4 Nf6 7. Bc4 Qxd4 8.
Nxd4 a6 9. O-O b5 10. Be2 Bb7 11. a4 b4 12. Nd2 Nbd7 13. Nc4 a5 14. Nb5 Nd5 15.
Ncd6+ Bxd6 16. Nxd6+ Ke7 17. Nxb7 Rhb8 18. c4 N5f6 19. Bf4 e5 20. Bg5 e4 21. Nd6
Kxd6 22. Bf4+ Ne5 23. Rad1+ Ke6 24. c5 Rd8 25. Bb5 Rac8 26. c6 Nxc6 27. Bc4+ Kf5
28. Be3 Ne5 29. Bb3 Nd3 30. Bxf7 Nxb2 31. Rc1 Nxa4 32. Ra1 Nc3 33. Rxa5+ Ncd5
34. Rd1 Ke5 35. Bc1 Rc2 36. Be3 Rd7 37. Bd4+ Kf5 38. Bxf6 Rxf7 39. Ba1 Kg6 40.
Raxd5 Rfxf2 41. Rd6+ Kh5 42. R6d5+ g5 43. Be5 Rxg2+ 44. Kh1 Rge2 45. Bg3 h6 46.
Rb5 Rb2 47. Rb6 b3 48. Kg1 Rg2+ 49. Kf1 Rge2 50. Rdd6 e3 51. Rxh6+ Kg4 52. Rb4+
Kf5 53. Rb5+ Kg4 54. Rb4+ Kf5 55. Rc6 Rec2 56. Rb5+ Kg4 57. Rb4+ Kf5 58. Rb5+
Ke4 59. Rb4+ Kd3 60. Rd6+ Kc3 61. Rbb6 Rb1+ 62. Be1+ Kb2 63. Rd3 Rf2+ 64. Kg1
Rxe1# 0-1

[Event "Titled Tue 27th May Early"]
[Site "chess.com INT"]
[Date "2025.05.27"]
[Round "8"]
[White "Yilmaz, Mustafa"]
[Black "Tsydypov, Zhamsaran"]
[Result "1-0"]
[WhiteTitle "GM"]
[BlackTitle "GM"]
[WhiteElo "2586"]
[BlackElo "2514"]
[WhiteFideId "6302718"]
[BlackFideId "4108566"]
[EventDate "2025.05.27"]

1. Nf3 g6 2. c4 Bg7 3. Nc3 e5 4. d4 exd4 5. Nxd4 Nc6 6. Nxc6 bxc6 7. g3 Rb8 8.
Bg2 Ne7 9. O-O O-O 10. Qa4 d6 11. Rd1 Be6 12. c5 d5 13. e4 a5 14. exd5 cxd5 15.
Qxa5 d4 16. Nb5 Qd7 17. a4 c6 18. Nd6 Nd5 19. Qd2 Nb4 20. Ra3 d3 21. Qf4 Bg4 22.
Bf3 Bh3 23. Bd2 Bxb2 24. Bxb4 Bxa3 25. Bxa3 Qe6 26. Qe3 Qb3 27. Qxd3 Qxa4 28.
Bc1 Rb3 29. Qe4 Rb4 30. Qe7 Rb1 31. Qxf8+ Kxf8 32. Bh6+ Ke7 33. Rxb1 Qc2 34.
Re1+ Kd7 35. Be3 Be6 36. Ne4 f5 37. Nf6+ Ke7 38. Nxh7 Qc3 39. Rc1 Qa3 40. Ng5
Bd7 41. Re1 Kf6 42. h4 Qb2 43. Rd1 Ke7 44. Bd4 Qb3 45. Re1+ Kd8 46. Bf6+ Kc8 47.
Be7 Qb4 48. Re3 f4 49. Re4 Qb1+ 50. Kg2 fxg3 51. fxg3 Bf5 52. Re2 Bd7 53. Rf2
Qd3 54. Kh2 Qe3 55. Re2 Qd3 56. Bd6 Kb7 57. Rb2+ Ka7 58. Bb8+ Ka8 59. Bd6 Qd4
60. Ra2+ Kb7 61. Bg2 Qc3 62. Ne4 Qd3 63. Rf2 Bf5 64. Rb2+ Ka7 65. Ng5 Bd7 66.
Ra2+ Kb7 67. Rb2+ Ka7 68. Rf2 Ka6 69. Bf1 1-0

[Event "Titled Tue 27th May Early"]
[Site "chess.com INT"]
[Date "2025.05.27"]
[Round "8"]
[White "Troltenier, Dirk"]
[Black "Vingris, Mikelis"]
[Result "1/2-1/2"]
[WhiteTitle "FM"]
[WhiteElo "2174"]
[BlackElo "2102"]
[WhiteFideId "4606400"]
[BlackFideId "11611731"]
[EventDate "2025.05.27"]

1. e4 c5 2. Nf3 Nc6 3. Bb5 e5 4. c3 Bd6 5. d4 cxd4 6. cxd4 Qa5+ 7. Nc3 exd4 8.
Nxd4 Be5 9. Be3 Nge7 10. O-O O-O 11. a3 d6 12. b4 Qd8 13. Rc1 a6 14. Ba4 Nxd4
15. Bxd4 Be6 16. f4 Bxd4+ 17. Qxd4 b5 18. Bd1 Nc6 19. Qd2 Qb6+ 20. Qf2 Qxf2+ 21.
Kxf2 Rac8 22. f5 Bc4 23. Be2 Ne5 24. Ke3 f6 25. Rfd1 Bxe2 26. Nxe2 Rxc1 27. Rxc1
Nc4+ 28. Kd4 Re8 29. Nf4 Re5 30. Nd3 Re7 31. Nf4 Kf7 32. Ne6 g6 33. g4 Re8 34.
a4 Rc8 35. axb5 axb5 36. Ra1 Ne5 37. Ra7+ Kg8 38. Rg7+ Kh8 39. Rb7 Nxg4 40. Rxb5
Ne5 41. Rb7 gxf5 42. exf5 h5 43. h3 h4 44. Rb6 Rc4+ 45. Kd5 Rc3 46. Rb8+ Kh7 47.
Kxd6 Rxh3 48. Ke7 Nc6+ 49. Kxf6 Rb3 50. Rb7+ Kh6 51. Ng5 Kh5 52. Ne6 Rxb4 53.
Rh7+ Kg4 54. Rg7+ Kh3 55. Rh7 Kg2 56. Ng5 Na5 57. Kg6 Nb3 58. f6 Nd4 59. f7 Rb6+
60. Kg7 Rb7 61. Kg6 Rb6+ 62. Kg7 Rb7 63. Kg6 Rb6+ 1/2-1/2

[Event "Titled Tue 27th May Early"]
[Site "chess.com INT"]
[Date "2025.05.27"]
[Round "8"]
[White "Garcia, Jhoel"]
[Black "Hnatyshyn, Anastasiia"]
[Result "1-0"]
[WhiteTitle "IM"]
[BlackTitle "WFM"]
[WhiteElo "2304"]
[BlackElo "2159"]
[WhiteFideId "3801110"]
[BlackFideId "14198339"]
[EventDate "2025.05.27"]

1. e4 e6 2. d3 d5 3. Nd2 c5 4. g3 Nc6 5. Bg2 Nf6 6. Ngf3 Qc7 7. O-O Be7 8. c3
O-O 9. Qe2 Rd8 10. e5 Nd7 11. d4 Nf8 12. h4 h6 13. Rd1 b6 14. Nf1 a5 15. N1h2
Ba6 16. Qe1 cxd4 17. Nxd4 Nxe5 18. Bf4 Bd6 19. Bxe5 Bxe5 20. Ng4 Bd6 21. f4 Rac8
22. Kh2 b5 23. Rac1 Qb8 24. a3 b4 25. cxb4 Rxc1 26. Rxc1 Rc8 27. Rxc8 Bxc8 28.
b5 Bd7 29. Qd2 a4 30. Nc6 Qxb5 31. Nce5 Be8 32. Qf2 f6 33. Nf3 Bh5 34. Nd4 Qc4
35. Bf1 Qc1 36. Bh3 Bc5 37. Qc2 Qxc2+ 38. Nxc2 Kf7 39. Kg2 Bg6 40. Nge3 Be4+ 41.
Kf2 d4 42. Nxd4 Bxd4 43. Ke2 Bxb2 44. Nc4 Bd4 45. Nd6+ Ke7 46. Nxe4 Nd7 47. Kd3
Bb2 48. Nc3 Bxc3 49. Kxc3 Nc5 50. Kb4 Kd6 51. Bf1 e5 52. fxe5+ fxe5 53. Kc4 g5
54. hxg5 hxg5 55. Be2 Ne6 56. Bd1 e4 57. Bxa4 Ke5 58. Bd1 Nc7 59. a4 Nd5 60. a5
Ne3+ 61. Kc5 Nxd1 62. a6 e3 63. a7 e2 64. a8=Q e1=Q 65. Qe8+ Kf5 66. Qxe1 1-0